000 00332nam a2200145 4500
008 190607s1982||||KW d
100 1 _aSawahin Ch.
_91246
245 1 0 _aIzraelskí vojaci rozprávajú
260 _aKuvajt
_c1982
_bVZPSAN
490 _v264
041 1 _aslo
044 _aKW
250 _a1.vydanie
958 _aA
999 _c22582
_d22582